000
00229nam a2200097Ia 4500
001
645975
005
20250826153633.0
008
250824s9999 xx 000 0 und d
245
0
_a
BENİM SÜPER DERSLERİM
260
_b
GENÇ TİMAŞ
999
_c
645975
_d
645975